000
00336nam a2200145Ia 4500
005
20251222143115.0
008
251222s9999||||xx |||||||||||||| ||spa||
020
_a
978849341563
082
_a
813.54/D31
100
_a
Davies, Robertson
245
0
_a
El Quinto en Discordia
250
_a
6ta.ed.
264
_b
Asteroide
942
_c
LIB
999
_c
11328
_d
11328